Comunistas y apristas en los años treinta en el Perú 1930-1935 /
Perui levéltári és sajtóanyag alapján a tanulmány az 1930-as évek politikai mozgalmait és küzdelmeit tárgyalja, főképpen a két legjelentősebb mozgalomra, a kommunistákra és az apristákra irányítva a figyelmet. Bemutatja a gazdasági világválság következményeit Peruban, a Kommunista Párt és a szakszer...
Elmentve itt :
| Szerző: | |
|---|---|
| Dokumentumtípus: | Cikk |
| Megjelent: |
University of Szeged, Magyar Medievisztikai Kutatócsoport
Szeged
1978
|
| Sorozat: | Acta Universitatis Szegediensis : acta historica
63 |
| Kulcsszavak: | Peru története - 1930-1935 |
| Tárgyszavak: | |
| Online Access: | http://acta.bibl.u-szeged.hu/2645 |
| LEADER | 02401nab a2200229 i 4500 | ||
|---|---|---|---|
| 001 | acta2645 | ||
| 005 | 20260205125024.0 | ||
| 008 | 161015s1978 hu o 000 hun d | ||
| 022 | |a 0324-6965 | ||
| 040 | |a SZTE Egyetemi Kiadványok Repozitórium |b hun | ||
| 041 | |a hun | ||
| 041 | |a spa | ||
| 100 | 1 | |a Anderle Ádám | |
| 245 | 1 | 0 | |a Comunistas y apristas en los años treinta en el Perú |h [elektronikus dokumentum] : |b 1930-1935 / |c Anderle Ádám |
| 260 | |a University of Szeged, Magyar Medievisztikai Kutatócsoport |b Szeged |c 1978 | ||
| 300 | |a 43-103 | ||
| 490 | 0 | |a Acta Universitatis Szegediensis : acta historica |v 63 | |
| 520 | 3 | |a Perui levéltári és sajtóanyag alapján a tanulmány az 1930-as évek politikai mozgalmait és küzdelmeit tárgyalja, főképpen a két legjelentősebb mozgalomra, a kommunistákra és az apristákra irányítva a figyelmet. Bemutatja a gazdasági világválság következményeit Peruban, a Kommunista Párt és a szakszervezeti mozgalom küzdelmeit a világválság idején. Az 1931-es választásokat elemezve a szerző arra a következtetésre jut, hogy a kommunisták tömegbefolyása a helytelen taktika miatt csökkent (bojkott), az APRA befolyása ettől növekedett meg, s a mozgalom is ekkor alakult párttá. A tanulmány nagy figyelmet fordít a konzervatív politikai irányzatokra, s részletesen elemzi az ekkor alakult és jelentős erővé váló fasiszta-orientációjú UR-mozgalmat. A perui oligarchia egészén belül jelentős erőt képviselt az ún. kreol fasizmus irányzata is, de voltak az oligarchiának demokratikus csoportjai is. Az UR mozgalomra támaszkodva a perui uralkodó osztály konszolidálta a hatalmát 1933/34 körül, s egyaránt illegalitásba kényszerítette a kommunistákat és apristákat. E két nagy párt azonban nem tudott közös politikai platformot kialakítani. A kommunisták az osztály-osztály ellen álláspontot képviselték, az apristák pedig heves kommunista-ellenes kampányt folytattak. A tanulmány végül bemutatja, hogy 1933-tól hogyan változott fokozatosan a kommunisták politikája, s hogyan serkentette ezt a folyamatot a Komintern politikai vonalának módosulása. | |
| 650 | 4 | |a Bölcsészettudományok | |
| 650 | 4 | |a Történettudomány és régészet | |
| 695 | |a Peru története - 1930-1935 | ||
| 856 | 4 | 0 | |u http://acta.bibl.u-szeged.hu/2645/1/historica_063_043-103.pdf |z Dokumentum-elérés |